U.S. State Capitals with the Lowest Elevation - Statistics

General Stats
  • This quiz has been taken 98 times
  • The average score is 6 of 10
Answer Stats
m Capital ft % Correct
6 Honolulu 19
82%
9 Dover 30
79%
17 Baton Rouge 56
73%
12 Annapolis 39
68%
23 Providence 75
64%
18 Hartford 59
55%
15 Trenton 49
54%
20 Augusta 68
52%
9 Sacramento 30
52%
17 Juneau 56
43%
No matching quizzes found
Score Distribution
Percent of People with Each Score
Percentile by Number Answered
Your Score History
You have not taken this quiz